MARC

LEADER 00000nam0a2200000 4500
001 225561
005 20231101230655.0
020 |a RU  |b 88-53788ж 
035 |a (RuTPU)RU\TPU\book\245912 
090 |a 225561 
100 |a 20121113d1988 k y0rusy5003 ca 
101 0 |a rus 
102 |a RU 
105 |a y z 001zy 
200 1 |a Вычислительные измерительные и управляющие системы  |e сборник научных трудов  |f Ленинградский политехнический институт им. М. И. Калинина (ЛПИ) ; отв. ред. Ю. С. Васильев 
210 |a Ленинград  |c Изд-во ЛПИ  |d 1988 
215 |a 126 с.  |c ил.  |d 25 см 
225 1 |a Труды Ленинградского политехнического института им. М. И. Калинина (ЛПИ)  |v № 423 
320 |a Библиогр. в конце ст. 
606 1 |a Вычислительные системы  |2 stltpush  |3 (RuTPU)RU\TPU\subj\67468  |9 83253 
606 1 |a Кибернетика техническая  |2 stltpush  |3 (RuTPU)RU\TPU\subj\39479  |9 59558 
610 1 |a информационные системы 
610 1 |a измерительные системы 
610 1 |a автоматизированные системы планирования и управления 
675 |a 681.324  |z rus  |v 3 
675 |a 681.51  |z rus  |v 3 
702 1 |a Васильев  |b Ю. С.  |g Юрий Сергеевич  |4 340 
712 0 2 |a Ленинградский политехнический институт им. М. И. Калинина (ЛПИ)  |c (1924-1930, 1940-1990)  |2 stltpush  |3 (RuTPU)RU\TPU\col\2601 
801 0 |a RU  |b RuMRKP  |c 19950417  |g psbo 
801 1 |a RU  |b 63413507  |c 20121113 
801 2 |a RU  |b 63413507  |c 20151019  |g RCR 
942 |c BK